000 00228nam a2200097Ia 4500
008 230508s1992 xx 000 0 und d
041 _aeng
100 _aCOULSON
245 _aCHEMICAL ENGG. SOL TO PROB IN VILUME
260 _c1992
999 _c316193
_d316193